How Many Oceanic Capitals Can You Name In 90Seconds - Statistics

General Stats
  • This quiz has been taken 136 times
  • The average score is 9 of 14
Answer Stats
Answer % Correct
Canberra
94%
Wellington
89%
Suva
70%
Port Moresby
67%
Apia
63%
Funafuti
59%
Ngerulmud
59%
Tarawa
58%
Yaren
58%
Majuro
56%
Nukualofa
56%
Palikir
52%
Port Vila
52%
Honiara
41%
No matching quizzes found
Score Distribution
Percent of People with Each Score
Percentile by Number Answered
Your Score History
You have not taken this quiz